[Event "22nd OIBM 2018"]
[Site "Gmund am Tegernsee"]
[Date "2018.11.03"]
[Round "8"]
[White "Ciak, Rene"]
[Black "Wessendorf, Thomas"]
[Result "1/2-1/2"]
[WhiteElo "2010"]
[BlackElo "2235"]
[Annotator "TA"]
[PlyCount "93"]
[EventDate "2018.10.27"]
[EventType "swiss"]
[EventCountry "GER"]
[SourceTitle "playchess.com"]
[Source "ChessBase"]
[SourceQuality "1"]

{[%evp 9,93,31,20,20,34,14,27,-14,5,-39,-27,-48,-50,-27,-45,-83,20,-16,-12,-5,-12,0,12,-45,-32,-20,-26,0,71,-21,0,0,0,0,0,0,54,47,63,0,7,0,0,0,132,129,124,-131,-92,-83,-45,-199,-45,-47,-37,-40,-29,-34,-42,-37,0,-64,-60,-119,-27,-30,-29,-30,-34,-31,-8,-8,-8,-8,0,0,0,0,0,0,0,0,0,0,0,0]} 1. d4 g6 2. c4 Bg7 3. Nf3 c5 4. d5 f5 (4... b5 5. cxb5 Nf6 6. Nc3 a6 7. e4 d6 8. a4 O-O 9. Bd2 Nbd7 10. Be2 axb5 11. axb5 Bb7 12. O-O Nb6 13. Qc2 Qd7 14. h3 e6 15. dxe6 Qxe6 16. Rxa8 Rxa8 {0-1 (70) Karjakin,S (2783)-Nepomniachtchi,I (2751) chess.com INT 2017}) 5. h4 Nf6 6. Nc3 {A40: Verschiedene (seltene) Antworten auf 1.d4} d6 7. e3 O-O 8. Be2 {Weiß hat minimalen Vorteil.} Na6 $146 ({Vorgänger:} 8... h6 9. Rb1 b6 10. Qc2 e5 11. h5 g5 {0-1 (35) Vodicka,M (1927)-Gruber,R (2118) LSS email 2013}) 9. Nh2 e6 10. h5 Nc7 11. hxg6 hxg6 12. Bf3 e5 (12... Qe7 $17 13. dxe6 Bxe6) 13. Bd2 e4 14. Be2 a6 15. a4 b6 16. f4 (16. g4 $11) 16... exf3 $15 17. gxf3 Nh5 {[#] zielt auf ...Dh4+ ab.} 18. Nf1 f4 (18... Bd7 $11 {bleibt in der Remisbreite.}) 19. Ne4 (19. Qc2 $16 Bf5 20. e4) 19... Qe7 20. Qc2 Bf5 21. O-O-O b5 (21... Bxe4 22. fxe4 f3 23. Bd3 $17) 22. Bc3 Be5 ({Günstiger ist} 22... bxa4 $11 23. Bd3 Bxc3 24. Nxc3 Ng3 25. Nxg3 Qxe3+ 26. Kb1 fxg3) 23. Bxe5 Qxe5 24. Bd3 ({Lieber} 24. Qc3 $14) 24... bxc4 25. Qxc4 Rab8 $36 {[%csl Gb8][%cal Re5b2][%mdl 2048] Schwarz drückt.} 26. Qc3 Rb4 ({Falsch wäre} 26... Nxd5 $2 27. Bc4 $18) (26... Qxc3+ $11 27. bxc3 Rb3) 27. Qxe5 $16 dxe5 28. Nd6 $2 {[%mdl 8192]} (28. Nxc5 $16 {ist nötig, um Vorteil zu sichern. Und weiter mit Lxf5 wäre nett.} Bxd3 29. Nxd3 Rxa4 30. e4 (30. Nxe5 Ra1+ 31. Kd2 Rxd1+ 32. Kxd1 fxe3 $16)) 28... Bxd3 $17 29. Rxd3 c4 30. Rc3 $2 ({Besser ist} 30. Rd2 $15) 30... Rd8 $2 ({Jedoch nicht} 30... Rxa4 31. e4 $17) (30... Nxd5 $19 31. Rxc4 Rxc4+ 32. Nxc4 Rc8) 31. Rxc4 $15 Nxd5 32. Rxb4 Nxb4 33. Ne4 Nd3+ 34. Kb1 Nb4 {[%cal Rd8d1]} 35. Nc3 (35. Kc1 $11) 35... Rd3 36. Rh2 {[#]} (36. exf4 $1 $15 exf4 37. Nh2) 36... Nf6 (36... Ng3 $1 $17 {[%cal Rg3f1]} 37. Nxg3 fxg3) 37. Rd2 $11 Rxd2 38. Nxd2 fxe3 {[%mdl 4096] Endspiel KSS-KSS} 39. Nc4 e4 40. fxe4 {Die Stellung ist ausgeglichen.} Nxe4 41. Nxe3 Nf2 42. Ncd5 Nfd3 43. Nxb4 Nxb4 44. Nc2 Nxc2 45. Kxc2 Kf7 46. b4 Ke6 47. Kd3 {Precision: Weiß = 41%, Schwarz = 48%.} 1/2-1/2

[Event "22nd OIBM 2018"]
[Site "Gmund am Tegernsee"]
[Date "2018.11.03"]
[Round "8"]
[White "Ciak, René"]
[Black "Wessendorf, Thomas"]
[Result "*"]
[WhiteElo "2010"]
[BlackElo "2235"]
[Annotator "TA"]
[PlyCount "23"]
[EventDate "2018.10.27"]
[EventType "swiss"]
[EventCountry "GER"]
[SourceTitle "playchess.com"]
[Source "ChessBase"]
[SourceQuality "1"]

{[%evp 8,8,30]} 1. d4 g6 2. c4 Bg7 3. Nf3 c5 4. d5 f5 {Predecessor:} 5. g3 $146 Qb6 6. Qc2 e5 7. e4 d6 8. Nc3 Ne7 9. Bg5 fxe4 10. Nxe4 Bg4 11. Nfd2 Nd7 12. Qb3 {1-0 (56) Zhou,J (2619)-Nepomniachtchi,I (2735) Moscow 2012} *

[Event "22nd OIBM 2018"]
[Site "Gmund am Tegernsee"]
[Date "2018.11.03"]
[Round "8"]
[White "Hoeller, Armin"]
[Black "Bente, Bjoern"]
[Result "0-1"]
[WhiteElo "2007"]
[BlackElo "2228"]
[Annotator "NA"]
[PlyCount "50"]
[EventDate "2018.10.27"]
[EventType "swiss"]
[EventCountry "GER"]
[SourceTitle "playchess.com"]
[Source "ChessBase"]
[SourceQuality "1"]
[TimeControl "40/5400+30:1800+30"]

1. c4 {[%emt 0:00:00]} e6 {[%emt 0:03:57]} 2. g3 {[%emt 0:00:00]} d5 {[%emt 0:00:07]} 3. Bg2 {[%emt 0:00:11]} Nf6 {[%emt 0:00:05]} 4. Nf3 {[%emt 0:02:24]} dxc4 {[%emt 0:00:08]} 5. Na3 {[%emt 0:05:57]} Bxa3 {[%emt 0:00:33]} 6. bxa3 {[%emt 0:00:02]} O-O {[%emt 0:02:30] LiveBook: 73 Games} 7. Bb2 {[%emt 0:03:07] A13: English Opening: 1...e6} Nd5 {[%emt 0:17:28]} 8. Qa4 $146 {[%emt 0:07:50] [#]} ({Predecessor:} 8. Rc1 b5 9. d3 c3 10. Bxc3 c5 11. Qb3 Nd7 12. Bd2 Ba6 13. O-O Rc8 14. Rfd1 Qe7 {0-1 (71) Marin,M (2555)-Rodriguez Vargas,O (2419) Barcelona 2011}) 8... Nb6 $1 {[%emt 0:00:42]} 9. Qc2 {[%emt 0:00:23]} Nc6 {[%emt 0:00:56]} 10. h4 {[%emt 0:04:00]} f6 {[%emt 0:01:38]} 11. O-O-O {[%emt 0:22:36]} e5 {[%emt 0:01:16]} 12. d4 {[%emt 0:06:45]} cxd3 {[%emt 0:00:16]} 13. Qb3+ {[%emt 0:06:04]} Kh8 {[%emt 0:00:07]} 14. h5 {[%emt 0:03:50]} Qe7 {[%emt 0:02:42]} 15. Nh4 {[%emt 0:01:31]} Be6 {[%emt 0:02:11]} 16. Ng6+ {[%emt 0:03:56]} hxg6 {[%emt 0:00:05]} 17. hxg6+ {[%emt 0:03:33]} Kg8 {[%emt 0:00:01]} 18. Qxd3 {[%emt 0:05:55]} Rad8 $19 {[%emt 0:04:05]} 19. Qf3 {[%emt 0:07:36]} Qc5+ {[%emt 0:02:13]} 20. Kb1 {[%emt 0:00:49]} Rxd1+ {[%emt 0:00:16]} 21. Rxd1 {[%emt 0:00:06]} Ne7 {[%emt 0:01:04]} 22. Rc1 {[%emt 0:09:25]} Nc4 {[%emt 0:00:53]} 23. Qd3 {[%emt 0:04:16]} b5 {[%emt 0:02:40]} 24. Rh1 {[%emt 0:01:05]} Nxb2 {[%emt 0:01:36]} 25. Kxb2 {[%emt 0:00:24]} Qd4+ {[%emt 0:00:11]} 0-1

[Event "22nd OIBM 2018"]
[Site "Gmund am Tegernsee"]
[Date "2018.11.03"]
[Round "8"]
[White "Wolf, Pablo"]
[Black "Stark, Lars"]
[Result "1-0"]
[WhiteElo "1983"]
[BlackElo "2374"]
[Annotator "TA"]
[PlyCount "78"]
[EventDate "2018.10.27"]
[EventType "swiss"]
[EventCountry "GER"]
[SourceTitle "playchess.com"]
[Source "ChessBase"]
[SourceQuality "1"]

{[%evp 9,78,7,81,8,8,8,9,17,17,-16,-12,-17,-11,-39,-38,-33,-27,-58,-52,-64,-67,-66,-56,-70,-71,-72,-52,-65,-50,-153,-162,-159,-93,-92,-88,-91,-87,-114,-87,-101,-84,-136,-133,-131,-131,-129,-129,-152,-142,-122,-85,-86,-88,-155,-153,-151,-153,-171,-153,-215,-213,-246,-241,-234,-236,-406,-356,-462,-437,-437,-368]} 1. e4 d5 2. exd5 Qxd5 3. Nc3 Qd6 4. d4 Nf6 5. Nge2 Bg4 {LiveBook: 15 Games} (5... e6 $11 {keeps the balance.}) (5... c6 6. Bf4 Qd8 7. Qd2 Bf5 8. O-O-O e6 9. h3 Nbd7 10. g4 Bg6 11. Bg2 Nb6 12. Ng3 Bb4 13. Qe2 Bxc3 14. bxc3 {0-1 (36) Onischuk,V (2545)-Tiviakov,S (2675) St Petersburg 2012}) 6. Bf4 {B01: Scandinavian Defence} (6. f3 $16 Bd7 7. Be3) 6... Qxf4 $1 $11 7. Nxf4 Bxd1 8. Rxd1 {The position is equal.} e6 9. Bb5+ $146 ({Predecessor:} 9. g3 c6 10. Nd3 Na6 11. a3 Rd8 12. Ne5 Nc7 13. Bg2 {½-½ (47) Biolek,R (2440)-Sponheim,O (2257) Pardubice 2006}) 9... c6 10. Bd3 Bb4 11. Kd2 Nbd7 12. a3 Bd6 13. Nce2 O-O 14. f3 Rad8 15. c3 Rfe8 16. Nh3 e5 17. g3 exd4 18. Nxd4 Ne5 {Hoping for ...c5.} 19. f4 ({Better is} 19. Kc1 $15) 19... Nxd3 $17 20. Kxd3 Bc5 (20... c5 $142 21. Nf3 Ng4) 21. Rhe1 Bxd4 22. cxd4 Ng4 23. Rxe8+ Rxe8 {[%mdl 4096] Endgame KRN-KRN} 24. Rd2 Kf8 25. Ng5 (25. Kc3 $142) 25... Re3+ 26. Kc4 h6 27. Nh3 Re1 28. Kc3 Ke7 29. Nf2 Nxf2 30. Rxf2 {KR-KR} Kd6 31. Kd2 (31. Kc4 $142) 31... Re4 32. Kd3 Kd5 33. Kc3 Re3+ ({Don't take} 33... Rxd4 34. Re2 $17) 34. Kb4 (34. Kd2 $17 Kxd4 35. Kc2) 34... b6 $19 ({Don't play} 34... Kxd4 35. Rd2+ Rd3 36. Re2 $17) 35. Rc2 f5 36. Rg2 h5 ({But not} 36... Kxd4 37. Rd2+ Ke4 38. Rc2) 37. h3 $2 {[#]} (37. Ka4 {was worth a try.}) 37... g6 38. b3 a5+ 39. Ka4 Rd3 {[%mdl 32768] Precision: White = 35%, Black = 88%. . Loss on Time!?} 1-0

[Event "22nd OIBM 2018"]
[Site "Gmund am Tegernsee"]
[Date "2018.11.03"]
[Round "8"]
[White "Metodiev, Martin"]
[Black "Oberhofer, Cedric"]
[Result "0-1"]
[WhiteElo "1974"]
[BlackElo "2213"]
[Annotator "NA"]
[PlyCount "37"]
[EventDate "2018.10.27"]
[EventType "swiss"]
[EventCountry "GER"]
[SourceTitle "playchess.com"]
[Source "ChessBase"]
[SourceQuality "1"]
[TimeControl "40/5400+30:1800+30"]

1. d4 {[%emt 0:00:00]} Nf6 {[%emt 0:00:00]} 2. c4 {[%emt 0:00:00]} g6 {[%emt 0:00:00]} 3. Nc3 {[%emt 0:00:07]} d5 {[%emt 0:00:01]} 4. cxd5 {[%emt 0:00:13]} Nxd5 {[%emt 0:00:07]} 5. e4 {[%emt 0:00:14]} Nxc3 {[%emt 0:00:14]} 6. bxc3 {[%emt 0:00:15]} c5 {[%emt 0:00:17]} 7. Nf3 {[%emt 0:01:05]} Bg7 {[%emt 0:00:08]} 8. Rb1 {[%emt 0:00:09]} O-O {[%emt 0:04:54]} 9. Be2 {[%emt 0:01:10]} Nc6 {[%emt 0:00:59]} 10. d5 {[%emt 0:00:27]} Ne5 {[%emt 0:00:09]} 11. Nd2 {[%emt 0:05:39]} f5 {[%emt 0:15:08]} 12. Rb5 {[%emt 0:19:50]} (12. O-O $11) 12... a6 {[%emt 0:13:57]} 13. Rb3 {[%emt 0:03:32]} (13. Rb2 $15) 13... fxe4 {[%emt 0:05:06]} 14. Nxe4 {[%emt 0:00:13]} c4 {[%emt 0:02:44]} 15. Rb4 {[%emt 0:01:56]} Bf5 {[%emt 0:04:08]} 16. Nc5 {[%emt 0:03:05]} b6 {[%emt 0:04:22]} ({Schwächer ist} 16... Nd3+ 17. Nxd3 cxd3 18. Bf3 $19) 17. Na4 {[%emt 0:00:42]} Nd3+ {[%emt 0:03:06]} 18. Bxd3 $19 {[%emt 0:00:05]} Bxd3 {[%emt 0:00:05]} 19. Bd2 {[%emt 0:02:18]} 0-1

[Event "22nd OIBM 2018"]
[Site "Gmund am Tegernsee"]
[Date "2018.11.04"]
[Round "9"]
[White "Demchenko, Anton"]
[Black "Sanal, Vahap"]
[Result "1-0"]
[WhiteElo "2679"]
[BlackElo "2487"]
[Annotator "TA"]
[PlyCount "155"]
[EventDate "2018.10.27"]
[EventType "swiss"]
[EventCountry "GER"]
[SourceTitle "playchess.com"]
[Source "ChessBase"]
[SourceQuality "1"]

{[%evp 10,155,24,8,20,20,28,22,18,18,44,24,33,32,29,20,27,35,46,0,0,-3,-1,-14,-26,-24,0,0,0,-21,0,0,-11,-20,25,25,0,25,46,34,48,41,85,47,77,72,128,108,120,124,181,195,297,302,312,302,299,281,306,300,314,314,307,311,308,307,309,309,304,301,298,227,220,220,214,217,220,218,206,129,131,0,206,206,206,206,206,206,270,270,270,258,270,236,235,231,270,270,266,272,843,742,835,825,821,799,869,829,1008,947,1304,1779,1754,1570,1634,1427,1426,540,1388,1211,1430,1351,1213,1182,1182,1155,907,1300,1183,1246,1225,1024,831,831,1768,1827,1502,1353,5065,1482,2890,2373,1366,1366,2211,1935,29976,29976]} 1. e4 e5 2. Nf3 Nc6 3. Bc4 Bc5 4. d3 Nf6 5. Bg5 {[%cal Bc1g5,Bg5h4,Bh4g3][%mdl 32]} h6 6. Bh4 Be7 {C50: Hungarian Defence and Giuoco Pianissimo} (6... d6 7. c3 a6 8. Nbd2 Ba7 9. O-O g5 10. Bg3 Qe7 11. Kh1 Nh5 12. a4 Nf4 13. b4 Ng6 14. Ne1 Nd8 15. Nc2 Ne6 {0-1 (46) Demchenko,A (2660)-Anand,V (2782) Riadh 2017}) 7. Bg3 d6 8. a4 O-O {The position is equal.} 9. h3 g6 $146 ({Predecessor:} 9... a6 10. O-O Nh5 11. Bh2 Bf6 12. c3 g6 13. Re1 Bg7 14. Nbd2 {½-½ (103) Demchenko,A (2670)-Martinez Alcantara,J (2561) Barcelona 2018}) 10. Nc3 (10. a5 {is interesting.} a6 11. O-O Kg7 12. Re1 Nh5 13. Bh2) 10... Be6 11. Bxe6 fxe6 12. O-O a5 13. d4 {[%cal Rd4e5,Bd3d4,Bd4d5][%mdl 32]} Nh5 14. d5 Nb4 {[%cal Bc6b4,Bb4a6,Ba6c5][%mdl 32]} 15. dxe6 c6 16. Qd2 Kh7 17. Rad1 Qe8 18. Nh2 {[%cal Bf3h2,Bh2g4,Bg4e3,Be3c4][%mdl 32]} Rd8 $1 19. Qe2 Na6 20. Ng4 $36 {[%mdl 2048] White has the initiative.} Nc5 21. Ne3 Nxe6 (21... Nf4 $5 {[%cal Rf4e2]} 22. Qe1 Nfxe6 $11) 22. Nc4 $1 Nd4 23. Qd3 $1 Ra8 24. Ne2 Nxe2+ 25. Qxe2 Rf6 26. b3 Qf7 27. Bh2 Ng7 (27... Qe8 $142) 28. Qe3 g5 29. Rd3 Bf8 (29... Qf8 $16) 30. Rfd1 $18 Qc7 (30... Qg6 $142 31. f3 b5) 31. Qd2 Re8 32. Nxd6 ({Don't take} 32. Qxa5 $6 Qxa5 33. Nxa5 b5 $18) 32... Bxd6 33. Rxd6 Rxd6 34. Qxd6 Qxd6 35. Rxd6 {[%mdl 4096] Endgame KRB-KRN} Re7 36. f3 Ne8 37. Rd8 Nf6 38. Kf1 Kg6 39. Ra8 b6 40. Bg1 c5 41. Rc8 {Hoping for Rc6.} Re6 42. g4 Nd7 43. Ke2 Kf7 44. Rc7 Ke8 45. Rc8+ ({White should play} 45. Ra7 $16) 45... Ke7 $2 (45... Kf7 $1 $11 {and Black has nothing to worry.}) 46. Bf2 Nf8 47. h4 {[%cal Bh3h4,Bh4h5][%mdl 32]} Ng6 48. h5 Kd7 49. Rg8 ({Worse is} 49. hxg6 Kxc8 50. Bg3 Rxg6 $17) 49... Ne7 50. Rf8 Rd6 51. Be3 Nc6 52. c3 Ke7 53. Rg8 Kd7 54. Rg6 Ne7 $2 {[#]} (54... Nd8 55. Bf2 Ke7) 55. Rxd6+ $1 Kxd6 {KB-KN} 56. Kd3 Nc8 57. Bf2 Kd7 {[#]} 58. b4 $1 {[%mdl 512]} axb4 59. cxb4 cxb4 60. Kc4 Kc6 61. Kxb4 Nd6 62. Bg3 Nf7 63. Be1 Nd6 64. Bc3 Nf7 65. Bb2 Kb7 66. Kc4 Kc6 67. Ba3 Nd6+ 68. Kb3 Kc7 69. Bb2 Nf7 70. Bc3 Kc6 71. Kb4 Kc7 72. Kb5 Kb7 73. Bb4 Kc7 74. Ka6 Kc6 75. Bf8 Kc7 76. Ka7 Nd8 77. Bxh6 Ne6 {[#]} 78. Bg7 $1 {[%mdl 512] Precision: White = 80%, Black = 42%.} 1-0

[Event "22nd OIBM 2018"]
[Site "Gmund am Tegernsee"]
[Date "2018.11.04"]
[Round "9"]
[White "Moiseenko, Alexander"]
[Black "Baldauf, Marco"]
[Result "1-0"]
[WhiteElo "2648"]
[BlackElo "2472"]
[Annotator "TA"]
[PlyCount "39"]
[EventDate "2018.10.27"]
[EventType "swiss"]
[EventCountry "GER"]
[SourceTitle "playchess.com"]
[Source "ChessBase"]
[SourceQuality "1"]

{[%evp 21,39,12,40,-44,43,10,8,-56,200,118,111,127,85,104,407,372,29992,29993,29993,29994]} 1. d4 Nf6 2. Bg5 Ne4 3. Bf4 c5 4. f3 Qa5+ 5. c3 Nf6 6. d5 e6 7. e4 d6 {[%cal Bd7d6,Bd6d5][%mdl 32] A45: Trompowsky Attack} 8. dxe6 Bxe6 9. Na3 d5 10. Bxb8 Rxb8 11. Bb5+ Ke7 {LiveBook: 4 Games} 12. Nh3 $146 (12. exd5 $14 Nxd5 13. Ne2) ({Predecessor:} 12. e5 Ne8 13. Bxe8 Kxe8 14. Ne2 Be7 15. O-O {0-1 (43) Zherebukh,Y (2629)-Lenderman,A (2585) Wheeling 2013}) 12... g6 (12... dxe4 $6 13. Ng5 $14) (12... Bxh3 $15 13. gxh3 a6) 13. O-O {next exd5 is good for White.} Bh6 14. exd5 (14. e5 $11 Ne8 15. Qe1) 14... Bxd5 $2 {[%mdl 8192]} ({Weaker is} 14... Nxd5 15. Qe1 $16) (14... Bxh3 $1 $15 {keeps the upper hand.} 15. gxh3 Kf8) 15. Re1+ (15. g4 $1 $18) 15... Kf8 $16 16. g4 $1 {[%cal Bg2g4,Bg4g5,Bg5h6][%mdl 32]} ({Reject} 16. Qe2 $6 a6 $11) 16... Rd8 {[#]} 17. Qe2 $1 $36 {[%mdl 2048] Black is under strong pressure.} Be6 $2 {[%mdl 8192]} (17... a6 $16) 18. g5 $18 Bxh3 $2 {[#]} (18... Qc7 $18 19. gxf6 (19. gxh6 Bxh3 20. Qe3 g5 $14) 19... a6) 19. Qe7+ $1 Kg8 20. gxh6 {Precision: White = 38%, Black = 22%.} 1-0

[Event "22nd OIBM 2018"]
[Site "Gmund am Tegernsee"]
[Date "2018.11.04"]
[Round "9"]
[White "Kovalenko, Igor"]
[Black "Repka, Christopher"]
[Result "1-0"]
[WhiteElo "2646"]
[BlackElo "2494"]
[Annotator "TA"]
[PlyCount "129"]
[EventDate "2018.10.27"]
[EventType "swiss"]
[EventCountry "GER"]
[SourceTitle "playchess.com"]
[Source "ChessBase"]
[SourceQuality "1"]

{[%evp 17,129,17,27,0,0,0,8,-7,0,-22,-28,-23,-25,-39,-31,-37,0,-44,-22,-35,0,-19,-14,-40,0,0,0,0,0,0,0,0,0,0,96,68,100,87,90,78,83,79,155,37,34,41,36,0,0,0,0,0,0,0,0,0,8,0,0,0,75,75,82,82,79,57,54,18,54,18,43,0,0,0,0,0,0,0,0,0,0,0,0,0,0,0,0,0,552,0,0,0,452,372,321,288,591,605,595,578,532,513,693,674,548,575,29971,29972,29964,29967,29972,29972,29983,29984]} 1. c4 e6 2. Nc3 d5 3. d4 a6 4. cxd5 exd5 5. Bf4 (5. Qb3 Nf6 6. Bg5 c6 7. e4 dxe4 8. Bc4 Qe7 9. a4 h6 10. Bxf6 gxf6 11. Nge2 f5 12. a5 Bg7 {½-½ (58) Dubov,D (2691)-Fedoseev,V (2707) Satka 2018}) 5... Nf6 6. e3 {D31: Queen's Gambit Declined: Semi-Slav without ...Nf6 (+ Marshall Gambit and Noteboom) and Exchange Variation lines without ...Nf6} Be7 7. Bd3 O-O 8. Nf3 Nh5 9. Be5 Nc6 {[%cal Bb8c6,Bc6e7,Be7f5][%mdl 32] LiveBook: 3 Games} 10. Bg3 $146 ({Predecessor:} 10. O-O g6 11. a3 Nxe5 12. Nxe5 Ng7 13. Rc1 Bd6 14. b4 c6 15. Qb3 Qe7 {1-0 (50) Abdusattorov,N (2534)-Omar,N (2353) Biel 2018}) 10... g6 11. Rc1 Re8 12. a3 Bf6 13. Ne2 Nxg3 14. hxg3 Ne7 15. Qb3 c6 16. O-O Nf5 17. Nc3 (17. Bxf5 $5 Bxf5 18. Qxb7 $11) 17... Qd6 18. Rfe1 Rb8 19. Qc2 (19. g4 $5 {[%cal Rg4f5]} Ne7 20. g5 $11) 19... h5 20. Qd2 Qf8 21. e4 Nxd4 {Hoping for ...Nb3.} 22. exd5 Bd7 {White must now prevent ...Nb3.} 23. Ne4 Nxf3+ 24. gxf3 Bg7 25. Bc4 Rbd8 (25... cxd5 $11 {remains equal.} 26. Bxd5 Be6 27. Bxe6 Rxe6) 26. d6 $16 Bf5 27. Ng5 $1 Rxd6 28. Bxf7+ Kh8 29. Qb4 $1 Red8 {[#]} (29... a5 $142) 30. Bc4 ({Not} 30. Qxb7 Bh6 $17) (30. Be6 $1 $16) 30... R6d7 $14 {aiming for ...Qxb4.} 31. Qb3 Bh6 $1 {[%cal Rh6g5]} 32. Nf7+ (32. f4 $5 {[%cal Rg5f7]} Bxg5 33. fxg5 $11) 32... Rxf7 $1 33. Bxf7 {f4 is the strong threat.} Bxc1 34. Rxc1 Rd3 35. Rc3 $36 {[%mdl 2048] Black is under pressure.} Rxc3 36. Qxc3+ Qg7 37. Qb3 b5 38. Be8 Bd7 (38... c5 $1 $11) 39. Qe3 $16 Kh7 40. Bxd7 Qxd7 {[%mdl 4096] Endgame KQ-KQ} 41. b4 Qc7 42. Qc3 Qd7 43. Kh2 Qd5 44. f4 Qc4 45. Qe3 Qf7 46. f3 Qd7 47. Qe2 Qd6 48. Qc2 h4 49. Kh3 hxg3 50. Kxg3 Qe6 51. Qe4 Qd7 52. Kh4 Qd2 $2 {[%mdl 8192] [#]} (52... Qd8+ $11 {and Black is okay.} 53. Kg3 Qd7) 53. Kg5 $2 (53. Qe7+ $1 $18 Kh6 54. Kg3) 53... Qd8+ $11 54. Kg4 Qd2 $2 {[%mdl 8192]} (54... c5 $11 {and Black has nothing to worry.}) 55. f5 Qg2+ 56. Kf4 Qh2+ $2 (56... Kh6 57. Ke5 (57. Qxc6 Qg5+ 58. Ke5 Qxf5+ 59. Kd4 Qf4+ 60. Qe4 Qd2+ 61. Qd3 Qf4+ 62. Qe4 Qd2+ 63. Qd3 Qf4+ 64. Qe4 $11) 57... Qb2+ 58. Ke6 Qb3+ 59. Kf6 Qb2+ 60. Qe5 Qd2 61. fxg6 Qd8+ 62. Kf7 Qd7+ 63. Qe7 Qf5+ 64. Qf6 Qd7+ 65. Kf8 Qc8+ 66. Ke7 Qc7+ 67. Ke6 Qa7 68. g7+ Kh7) 57. Kg5 $18 Qh6+ 58. Kf6 {[%cal Rf5g6]} Qf8+ 59. Ke6 Qc8+ 60. Kf7 {[%cal Re4h4]} Qd7+ 61. Kf6 Qd6+ 62. Qe6 {White mates.} Qd4+ 63. Qe5 Qh4+ 64. Kf7 {[%csl Gf7][%cal Re5g7]} Qh6 65. Qf6 {Precision: White = 43%, Black = 54%.} 1-0

[Event "22nd OIBM 2018"]
[Site "Gmund am Tegernsee"]
[Date "2018.11.04"]
[Round "9"]
[White "Firouzja, Alireza"]
[Black "Hovhannisyan, Robert"]
[Result "1-0"]
[WhiteElo "2600"]
[BlackElo "2621"]
[Annotator "TA"]
[PlyCount "135"]
[EventDate "2018.10.27"]
[EventType "swiss"]
[EventCountry "GER"]
[SourceTitle "playchess.com"]
[Source "ChessBase"]
[SourceQuality "1"]

{[%evp 16,135,0,0,5,10,25,12,11,12,25,46,28,0,25,8,33,35,38,31,47,39,38,43,91,31,39,37,59,60,80,77,76,50,47,40,40,33,54,45,59,43,48,26,20,14,19,-2,0,0,0,-4,125,124,127,129,126,94,73,98,133,133,197,194,239,239,239,239,239,229,344,343,458,450,649,649,649,296,649,649,649,649,641,627,638,637,582,455,1488,1179,925,926,29959,29961,12844,1863,6079,1397,816,0,1400,1153,5206,5206,29965,4610,29983,29984,29984,29985,29987,29987,29987,29988,29988,29986,29986,29987,29987,29987,29987,29988]} 1. e4 e5 2. Nf3 Nc6 3. Bc4 Bc5 4. c3 Nf6 5. d3 O-O 6. b4 Be7 7. Nbd2 {C54: Giuoco Piano: 4 c3 Nf6, main lines with 5 d4 and 5 d3} d5 8. Bb3 dxe4 9. dxe4 {LiveBook: 3 Games. The position is equal.} Bd6 10. O-O $146 ({Predecessor:} 10. Qc2 a5 11. b5 Nb8 12. O-O Nbd7 13. a4 Nc5 14. Ba3 Nxb3 15. Qxb3 {1-0 (58) Rapport,R (2686)-Howell,D (2698) Heraklio 2017}) 10... Ne7 11. Qc2 Ng6 12. Nc4 Bg4 {White should prevent ...Bxf3.} 13. Ne1 Be6 14. a4 c6 15. Be3 Ng4 (15... Bxc4 $5 16. Bxc4 a5 $11) 16. Rd1 Bxc4 ({But not} 16... Qh4 $2 17. Nf3 $18) 17. Bxc4 {Threatens to win with Bc5.} Nxe3 18. fxe3 Qe7 19. Qb3 a5 {[%cal Ra5b4] [#]} 20. Nd3 (20. Bxf7+ $1 $16 {[%mdl 512]} Kh8 (20... Rxf7 21. Rxd6) 21. Nc2) 20... axb4 $14 21. cxb4 Rad8 22. Rf2 b5 23. axb5 cxb5 24. Bd5 Qa7 25. Re1 Rc8 26. g3 Rc7 27. Kg2 Qa4 28. Qb2 Qa7 29. Rf3 Kh8 30. Ra1 Qb6 31. Ra5 f6 32. Qa2 Rc3 33. Qd2 $36 {[%mdl 2048] White is pushing.} Rfc8 {[#]} (33... Rcc8 $11 {remains equal.}) 34. Nc5 $1 $16 {[%mdl 512]} R3xc5 (34... Bxc5 35. Qxc3) 35. bxc5 Bxc5 36. Ra8 Rxa8 37. Bxa8 b4 38. Bd5 b3 (38... Ne7 $16) 39. Qb2 $18 Bxe3 40. Qxb3 Qxb3 41. Bxb3 {[%mdl 4096] Endgame KRB-KBN} Bd4 42. h4 {[%cal Bh2h4,Bh4h5][%mdl 32]} Nf8 (42... Ne7 $142 43. Be6 h6) 43. h5 h6 44. Bd5 Bc5 (44... g6 $142 45. Rxf6 Bc5) 45. Rc3 Bb4 46. Rc7 (46. Rc4 $142 Be7 47. Rc8) 46... Bd6 $2 (46... g6 47. hxg6 Nxg6) 47. Rb7 Bc5 48. Bf7 Bd6 49. Bg6 Kg8 50. Kf1 Bc5 51. Ke2 Bd6 (51... Kh8 $142 52. Kd3 Bd6) 52. Kd3 Bc5 53. Kc4 Bd6 54. Kd5 Ba3 55. Kc6 (55. Rb3 $142 Be7 56. Rb7) 55... Kh8 56. Ra7 (56. Rb3 $142 Be7 57. Bf7) 56... Bb4 57. Rb7 (57. Ra8 $142 Kg8 58. g4) 57... Ba3 $1 58. Bf5 Kg8 59. Kc7 Be7 60. Kc8 (60. g4 $142 Bc5 61. Kc6 Ba3 62. Bg6 Kh8 63. Rc7 Ne6 64. Rc8+ Nf8 65. Bf7) 60... Bd6 61. Kd8 {White mates.} Bc5 62. Ke8 Ba3 63. g4 Bc5 64. Rf7 Nh7 65. Bxh7+ Kxh7 66. Rc7 Bd6 67. Rd7 Bc5 68. Kf7 {Precision: White = 61%, Black = 37%.} 1-0